01297nam a2200325Ia 4500001001200000003000800012006001900020007001500039008004100054010001700095020001800112020001500130040002100145035002100166050002500187245012400212260005300336300002400389504005100413533015200464650004500616650004800661655002900709700002200738700002500760700002600785710001700811856012600828999001700954ebr10320370CaPaEBRm u cr cn|||||||||010523s2002 ohua sb 001 0 eng d z 2001040042 z9780871707291 z0871707292 aCaPaEBRcCaPaEBR a(OCoLC)64782919514aTA473b.H3215 2002eb00aHandbook of residual stress and deformation of steelh[electronic resource] /cedited by G. Totten, M. Howes, T. Inoue. aMaterials Park, OH :bASM International,cc2002. avii, 499 p. :bill. aIncludes bibliographical references and index. aElectronic reproduction.bPalo Alto, Calif. :cebrary,d2009.nAvailable via World Wide Web.nAccess may be limited to ebrary affiliated libraries. 0aSteelxFatiguevHandbooks, manuals, etc. 0aResidual stressesvHandbooks, manuals, etc. 7aElectronic books.2local1 aTotten, George E.1 aHowes, Maurice A. H.1 aInoue, Tatsuo,d1939-2 aebrary, Inc.40uhttp://site.ebrary.com/lib/rucke/Doc?id=10320370zAn electronic book accessible through the World Wide Web; click to view c60869d60869